<?xml version="1.0" encoding="UTF-8"?>
<marc:record xmlns:marc="http://www.loc.gov/MARC21/slim">
   <marc:leader>00000nam a2200000 a 4500</marc:leader>
   <marc:datafield ind1="1" ind2=" " tag="100">
      <marc:subfield code="a">Yabuki, Kentaro</marc:subfield>
      <marc:subfield code="4">aut</marc:subfield>
      <marc:subfield code="e">Verfasser/-in</marc:subfield>
   </marc:datafield>
   <marc:datafield ind1="0" ind2="0" tag="245">
      <marc:subfield code="a">Echte Freunde</marc:subfield>
   </marc:datafield>
   <marc:datafield ind1=" " ind2="1" tag="264">
      <marc:subfield code="b">Carlsen Verlag</marc:subfield>
      <marc:subfield code="c">2007</marc:subfield>
   </marc:datafield>
   <marc:datafield ind1="1" ind2=" " tag="490">
      <marc:subfield code="a">Black Cat</marc:subfield>
   </marc:datafield>
   <marc:datafield ind1="1" ind2=" " tag="520">
      <marc:subfield code="a">Schluss mit lustig! Eve schlägt Creed als nächstes Zielobjekt vor, um ihn endgültig zu stoppen! Aber mit der entscheidenden Schlacht vor Augen kommen Trains Erinnerungen an seine traurige Vergangenheit und die schicksalhafte Verbindung zu Saya und Creed wieder, und er erzählt Sven und Eve von dem einschneidenden und alles verändernden Erlebnis, das seinen Ausstieg bei Kronos besiegelte...[Klappentext]</marc:subfield>
   </marc:datafield>
   <marc:datafield ind1=" " ind2=" " tag="020">
      <marc:subfield code="a">9783551765130</marc:subfield>
      <marc:subfield code="9">9783551765130</marc:subfield>
   </marc:datafield>
</marc:record>
